000 00335nam a22001457a 4500
003 OSt
005 20211231105933.0
008 211231b |||||||| |||| 00| 0 eng d
020 _a3540636315
040 _cHU
082 _a006.32/ART
100 _aArt
_926593
245 _aArtificial Neural Networks Icann 97
942 _2ddc
_cBOOKS
_n0
999 _c25514
_d25514